Microelectronics / (Record no. 69)
[ view plain ]
| 000 -LEADER | |
|---|---|
| fixed length control field | 01723nac a22003251u 4500 |
| 010 ## - LIBRARY OF CONGRESS CONTROL NUMBER | |
| LC control number | 86018546 |
| 020 ## - INTERNATIONAL STANDARD BOOK NUMBER | |
| International Standard Book Number | 007100596x |
| 020 ## - INTERNATIONAL STANDARD BOOK NUMBER | |
| International Standard Book Number | 0070423318 (solutions manual) : |
| 020 ## - INTERNATIONAL STANDARD BOOK NUMBER | |
| International Standard Book Number | 0074637363 |
| 082 00 - DEWEY DECIMAL CLASSIFICATION NUMBER | |
| Classification number | 621.3817 |
| Item number | M655 |
| 090 ## - LOCALLY ASSIGNED LC-TYPE CALL NUMBER (OCLC); LOCAL CALL NUMBER (OCLC) | |
| -- | 69 |
| 100 ## - MAIN ENTRY--PERSONAL NAME | |
| Personal name | Millman, Jacob, |
| 245 10 - TITLE STATEMENT | |
| Title | Microelectronics / |
| Statement of responsibility, etc | Jacob Millman, Arvin Grabel. |
| 250 ## - EDITION STATEMENT | |
| Edition statement | 2nd ed. |
| 260 ## - PUBLICATION, DISTRIBUTION, ETC. (IMPRINT) | |
| Place of publication, distribution, etc | New York : |
| Name of publisher, distributor, etc | McGraw-Hill, |
| Date of publication, distribution, etc | c1987. |
| 300 ## - PHYSICAL DESCRIPTION | |
| Extent | xx, 1001 p. : |
| Other physical details | ill. ; |
| Dimensions | 25 cm. |
| 440 #0 - | |
| -- | McGraw-Hill series in electrical engineering. |
| 650 #0 - SUBJECT ADDED ENTRY--TOPICAL TERM | |
| Topical term or geographic name as entry element | Microelectronics. |
| 650 #0 - SUBJECT ADDED ENTRY--TOPICAL TERM | |
| Topical term or geographic name as entry element | Integrated circuits. |
| 650 #0 - SUBJECT ADDED ENTRY--TOPICAL TERM | |
| Topical term or geographic name as entry element | Electronic circuit design. |
| 650 #0 - SUBJECT ADDED ENTRY--TOPICAL TERM | |
| Topical term or geographic name as entry element | Digital electronics. |
| 700 1# - ADDED ENTRY--PERSONAL NAME | |
| Personal name | Grabel, Arvin. |
| 942 ## - ADDED ENTRY ELEMENTS (KOHA) | |
| Item type | Book - Borrowing |
| Call number prefix | 621.3817M655 |
| Withdrawn status | Item status | Source of classification or shelving scheme | Damaged status | Not for loan | Vendor | Home library | Current library | Shelving location | Date acquired | Source of acquisition | Cost, normal purchase price | Total Checkouts | Total Renewals | Full call number | Barcode | Date last seen | Date last borrowed | Cost, replacement price | Koha item type |
|---|---|---|---|---|---|---|---|---|---|---|---|---|---|---|---|---|---|---|---|
| Dewey Decimal Classification | Central Library | Central Library | First floor | 05/12/2013 | 180.00 | 2 | 12 | 621.3817 MIL | 000004712 | 15/07/2025 | 12/01/2009 | 225.00 | Book - Borrowing | ||||||
| Dewey Decimal Classification | Central Library | Central Library | First floor | 06/11/2007 | 180.00 | 5 | 39 | 621.3817 MIL | 000002750 | 15/07/2025 | 18/01/2018 | 225.00 | Book - Borrowing | ||||||
| Dewey Decimal Classification | Baccah | Central Library | Central Library | First floor | 09/11/2009 | 180.00 | 621.3817 MIL | 000002749 | 15/07/2025 | 225.00 | NB - Book (Non borrowing) | ||||||||
| Dewey Decimal Classification | Baccah | Central Library | Central Library | First floor | 09/11/2009 | 180.00 | 4 | 4 | 621.3817 MIL | 000018952 | 15/07/2025 | 01/12/2020 | 225.00 | Book - Borrowing | |||||
| Dewey Decimal Classification | Baccah | Central Library | Central Library | First floor | 09/11/2009 | 180.00 | 1 | 3 | 621.3817 MIL | 000018951 | 15/07/2025 | 17/02/2010 | 225.00 | Book - Borrowing | |||||
| Dewey Decimal Classification | Baccah | Central Library | Central Library | First floor | 09/11/2009 | 180.00 | 1 | 621.3817 MIL | 000018950 | 15/07/2025 | 10/11/2016 | 225.00 | Book - Borrowing |